000 00477nam a2200181Ia 4500
001 24201
005 20260414151027.0
008 260414t2005||||xx |||||||||||||| ||spa||
041 _aESP
082 _a792.028
_bT75
100 _aTorres Vilar, Natalia [1966-...]
_eAUT
245 0 _aLos procesos de identificación entre el actor y sus personajes
_b
260 _c2005
300 _a157 páginas :
_c20 cm.
650 _aABD
654 _aCAU
942 _cLIB
_dJUS
_fJUS
_2ddc
_n
999 _c24201
_d24201